Noem alle Nederlandse en Duitse en Deense waddeneilanden - Statistieken

Algemene statistieken
  • Deze quiz is 29 keer genomen
  • De gemiddelde score is 13 van 23
Antwoordstatistieken
Hint Antwoord % Correct
NL 59 km² inwoners : 3617 Ameland
100%
NL 44 km² inwoners : 914 Schiermonnikoog
100%
NL 161 km² inwoners : 13614 Texel
100%
NL 36 km² inwoners : 1072 Vlieland
100%
NL 86 km² inwoners : 4832 Terschelling
94%
D 31 km² inwoners : 5225 Borkum
75%
D 26 km² inwoners : 5.875 Norderney
69%
D 99 km² inwoners : 21000 Sylt
69%
D 16 km² inwoners : 1.589 Juist
63%
D 20 km² inwoners : 1.757 Langeoog
63%
D 18 km² inwoners : 773 Spiekeroog
56%
D 5 km² inwoners : 1.055 Wangerooge
56%
D 20 km² inwoners : 2300 Amrum
50%
D 7 km² inwoners : 617 Baltrum
50%
D 82 km² inwoners 8600 Föhr
50%
DK 130 km² inwoners : 1000 Rømø
50%
D 3 km² inwoners : 33 Neuwerk
31%
D 40 km² inwoners : 2218 Nordstrand
31%
D 37 km² inwoners : 1158 Pellworm
31%
DK 56 km² inwoners : 3207 Fanø
25%
DK 8 km² inwoners : 30 Mandø
25%
D 23 km² inwoners : 256 de Halligen
19%
D 3 km² inwoners : 1 Trischen
19%
Geen overeenkomende quizzen gevonden
Scoreverdeling
Procent van Mensen met Elke Score
Percentiel versus Aantal Correcte Antwoorden
Uw Scoregeschiedenis
U heeft deze quiz nog niet genomen